Регионална библиотека "Любен Каравелов" - Русе

Русенската хроника (Запис номер 50684)

MARC детайли
000 -Лидер
Контролно поле с фиксирана дължина 01680nam a2200493 c 4500
003 - Код на организацията, давaща контролен номер
Контролно поле BLK
005 - Дата и час на последна редакция
Контролно поле 20250215112012.0
008 - Елементи от данни с фиксирана дължина
fixed length control field 180408b bul|||||r ||||||| ||bul||
010 ## - Наследен системен номер
LC control number KNG00054559000
020 ## - Международен стандартен номер на книга ISBN
Международен стандартен номер на книга ISBN 954-9548-87-2
040 ## - Източник на каталожния запис
Идентификатор на билиотеката - собственик на записа BLK
041 ## - Код за език
Код за езика на текст/звукозапис или на отделно заглавие Български
Код за езика КДБФ Български
072 #7 - Код за тематичната категория
Код организация bullib
Код за тематична категория Я
Текст Автографи
072 #7 - Код за тематичната категория
Код организация bullib
Код за тематична категория РА
Текст Русенски автори
080 ## - УДК
Текстов определител УДК Краезнание
УДК код - определител по УДК 908
УДК определител (497.215)(059)
УДК - код + определител 908(497.215)(059)
100 1# - Редна дума - Автор
Автор Бърчева, Мариана
Авторска отговорност първи автор
R(LIN) 283383
139 ## - Редно поле
Редна дума Бърчева, Мариана и др.
Авторски знак Бър - Б 93
245 10 - Сведения за заглавието
Заглавие Русенската хроника
Подзаглавни данни Дати, събития и личности до средата на ХХ в.
Редно поле (дума) Мариана Бърчева; съавт. Стоян Йорданов.
257 ## - Страна на издаване
Страна на създаване/издаване България
260 ## - Област на издателските данни
Име на издателя, разпространителя и проч. Авангард принт
Година на издаване 2004
300 ## - Физическа характеристика
Страници 213 с.
Илюстрации и др. с ил.
Размери/Мащаб 24 см
380 ## - Жанр
Жанр История
500 ## - Общи забележки
Забележка Офс. изд.
650 #4 - Допълнително описание по предмет – тема
Основно описание – тема или топоним Русе - история
9 (RLIN) 242626
650 #4 - Допълнително описание по предмет – тема
Основно описание – тема или топоним Градове, български - история
9 (RLIN) 243670
651 #4 - Допълнително описание по предмет - топоним
Географско понятие Русе
9 (RLIN) 179462
651 #4 - Допълнително описание по предмет - топоним
Географско понятие България
9 (RLIN) 241624
653 ## - Ключова дума – ненормативна
Ключова дума Русе
653 ## - Ключова дума – ненормативна
Ключова дума история
653 ## - Ключова дума – ненормативна
Ключова дума дати
653 ## - Ключова дума – ненормативна
Ключова дума личности
653 ## - Ключова дума – ненормативна
Ключова дума хронология
659 ## - Тематичен бюлетин
Тематичен бюлетин Я
700 1# - Други автори (авторска отговорност)
Лично име Йорданов, Стоян
Автороска отговорност (Описва отношението между автора и произведението) съавт.
9 (RLIN) 366564
852 ## - Местоположение
Форматна сигнатура Цб 224276
852 ## - Местоположение
Форматна сигнатура К 94(497.2)/Б 25 М
856 4# - Електронен адрес и достъп
Електронен формат pdf - файл
856 4# - Електронен адрес и достъп
Електронен формат pdf - файл
999 ## - СИСТЕМНИ КОНТРОЛНИ НОМЕРА
Koha biblionumber 50684
Koha biblioitemnumber 50684
942 ## - АРТИКУЛИ
Вид на библиотечния материал Книги
Скрит в OPAC Не
Koha issues (borrowed), all copies 10
Периодичен библиозапис Да
944 ## - СЪЗДАВАНЕ И РЕДАКЦИЯ на ЗАПИСА
Създаване/Редакция Създаване
Дата на регистрацията/редакция 27.06.2005
Служител, извършил регистрацията/редакцията 30560
Статус, дата на статуса Геновева Генчева
944 ## - СЪЗДАВАНЕ И РЕДАКЦИЯ на ЗАПИСА
Създаване/Редакция Редакция
Дата на регистрацията/редакция 08.06.2012
999 ## - СИСТЕМНИ КОНТРОЛНИ НОМЕРА
Koha biblioitemnumber 50684
999 ## - СИСТЕМНИ КОНТРОЛНИ НОМЕРА
Koha biblioitemnumber 50684
Наличности
Код за отписване Код за изгубен артикул Код за повреда Коз за рестрикции Код за отдаване Артикулен № Име на библиотеката - собственик Име на библиотеката, в която се намира в момента Статус (Текущо местоположение) Дата на вписване в системата Местоположение - отдел Цена в лева Инвентарен номер Систематично азбучна сигнатура Баркод Номер на екземпляра Цена в евро Служебна бележка Служебен тип на артикула Източник на класификационната схема Номерация (Хронология)
  Не е изгубен Не е повреден без рестрикции ползва се в читалня 79219 Регионална библиотека "Любен Каравелов" Русе Регионална библиотека "Любен Каравелов" Русе Хранилище 2005-06-27 Основен фонд - ползва се само за читалня 10.00 120000695117 Цб 224276 120000695117 1 5.11 Дост: DA Вид: А N: 16 Дата: 27.06.2005 Книги    
  Не е изгубен Не е повреден без рестрикции заемане за дома 79220 Регионална библиотека "Любен Каравелов" Русе Регионална библиотека "Любен Каравелов" Русе Заемна - подръчен фонд 2005-06-27 Заемна - подръчен фонд 10.00 120000695118 П 94(497.2)/Б 25 120000695118 2 5.11 Дост: DA Вид: А N: 16 Дата: 27.06.2005 Дата инв: 08.02.2018 Бележки инв: П2018 Книги Universal Decimal Classification  
Изтеглен Не е изгубен Не е повреден без рестрикции заемане за дома 79221 Регионална библиотека "Любен Каравелов" Русе Регионална библиотека "Любен Каравелов" Русе Заемна - подръчен фонд 2005-06-27 Заемна - подръчен фонд 10.00 120000695119 П 94(497.2)/Б 25 120000695119 3 5.11 Дост: DA Вид: А N: 16 Дата: 27.06.2005 Дата инв: 08.02.2018 Бележки инв: П2018 Книги Universal Decimal Classification  
  Не е изгубен Не е повреден без рестрикции ползва се в читалня 79222 Регионална библиотека "Любен Каравелов" Русе Регионална библиотека "Любен Каравелов" Русе Читалня 2005-06-27 Читалня 10.00 120000695120 Ч 949.72/Б 25 120000695120 4 5.11 Дост: DA Вид: А N: 16 Дата: 27.06.2005 Дата инв: 29.03.2017 Бележки инв: Ч2017 Книги    
  Не е изгубен Не е повреден без рестрикции ползва се в читалня 79223 Регионална библиотека "Любен Каравелов" Русе Регионална библиотека "Любен Каравелов" Русе Краезнание 2005-06-27 Краезнание 10.00 120000695121 К 94(497.2)/Б 25 М 120000695121 5 5.11 Дост: DA Вид: А N: 16 Дата: 27.06.2005 Дата инв: 16.11.2017 Бележки инв: К2017 Книги Universal Decimal Classification  
  Не е изгубен Не е повреден без рестрикции ползва се в читалня 79224 Регионална библиотека "Любен Каравелов" Русе Регионална библиотека "Любен Каравелов" Русе Краезнание 2005-06-27 Краезнание 10.00 120000695122 К 94(497.2)/Б 25 М 120000695122 6 5.11 Дост: DA Вид: А N: 16 Дата: 27.06.2005 Дата инв: 09.11.2017 Бележки инв: К2017 Книги Universal Decimal Classification Автограф: Мариана Бърчева, Стоян Иванов
  Не е изгубен Не е повреден без рестрикции ползва се в читалня 79225 Регионална библиотека "Любен Каравелов" Русе Регионална библиотека "Любен Каравелов" Русе Хранилище 2006-08-08 Хранилище 0.00 120000704390 Цб 224276 120000704390 7 0.00 Дост: Dp Вид: Д N: 32 Дата: 27.07.2005 Книги    
Vip Innovations Ltd, Rousse, Bulgaria 2025